Statistics for Biggest Cities By Last Letter A-Z

Click here to take the quiz!

General Stats

  • This quiz has been taken 61 times
  • The average score is 10 of 23

Answer Stats

Last LetterPopulationCity% Correct
K22.4 mNew York
95%
O40.2 mTokyo
95%
G20.4 mBeijing
84%
I35.9 mShanghai
82%
W17.2 mMoscow
79%
U45.6 mGuangzhou
75%
Y22.8 mMexico City
68%
A30.6 mJakarta
66%
L24.7 mSeoul
59%
S18.8 mLagos
52%
N15 mTehran
52%
D9.8 mHyderabad
34%
V3.4 mKiev
32%
E12.6 mLahore
29%
R8.7 mKuala Lumpur
23%
M6.1 mDar es Salaam/Khartoum
21%
B0.8 mZagreb
20%
H7.7 mRiyadh
18%
Z2 mLa Paz/Santa Cruz
14%
X4.5 mPhoenix
14%
F5 mDusseldorf
5%
T6.3 mSurat
5%
Q0.2 mBene Beraq
0%

Score Distribution

Percentile by Number Answered

Percent of People with Each Score

Your Score History

You have not taken this quiz